<?xml version="1.0" encoding="UTF-8"?>
<record
    xmlns:xsi="http://www.w3.org/2001/XMLSchema-instance"
    xsi:schemaLocation="http://www.loc.gov/MARC21/slim http://www.loc.gov/standards/marcxml/schema/MARC21slim.xsd"
    xmlns="http://www.loc.gov/MARC21/slim">

  <leader>03465cam a2200373 i 4500</leader>
  <controlfield tag="001">22684946</controlfield>
  <controlfield tag="003">CSPC</controlfield>
  <controlfield tag="005">20260113112153.0</controlfield>
  <controlfield tag="008">220707s2024    nyua          001 0 eng  </controlfield>
  <datafield tag="010" ind1=" " ind2=" ">
    <subfield code="a">  2022032170</subfield>
  </datafield>
  <datafield tag="020" ind1=" " ind2=" ">
    <subfield code="a">9781266138010</subfield>
    <subfield code="q">paperback</subfield>
  </datafield>
  <datafield tag="035" ind1=" " ind2=" ">
    <subfield code="a">22684946</subfield>
  </datafield>
  <datafield tag="040" ind1=" " ind2=" ">
    <subfield code="a">DLC</subfield>
    <subfield code="b">eng</subfield>
    <subfield code="e">rda</subfield>
    <subfield code="c">DLC</subfield>
    <subfield code="d">DLC</subfield>
    <subfield code="d">rda</subfield>
  </datafield>
  <datafield tag="042" ind1=" " ind2=" ">
    <subfield code="a">pcc</subfield>
  </datafield>
  <datafield tag="050" ind1="0" ind2="0">
    <subfield code="a">BF713</subfield>
    <subfield code="b">.S26 2024</subfield>
  </datafield>
  <datafield tag="082" ind1="0" ind2="0">
    <subfield code="a">155</subfield>
    <subfield code="b">Sa599l</subfield>
    <subfield code="2">23/eng/20220824</subfield>
  </datafield>
  <datafield tag="100" ind1="1" ind2=" ">
    <subfield code="a">Santrock, John W.,</subfield>
    <subfield code="e">author.</subfield>
  </datafield>
  <datafield tag="245" ind1="1" ind2="0">
    <subfield code="a">Life-span development /</subfield>
    <subfield code="c">John W. Santrock.</subfield>
  </datafield>
  <datafield tag="250" ind1=" " ind2=" ">
    <subfield code="a">Nineteenth edition.</subfield>
  </datafield>
  <datafield tag="264" ind1=" " ind2="1">
    <subfield code="a">New York, NY :</subfield>
    <subfield code="b">McGraw Hill LLC,</subfield>
    <subfield code="c">2024.</subfield>
  </datafield>
  <datafield tag="300" ind1=" " ind2=" ">
    <subfield code="a">lx, 612 [G-8, R-87, NI-23, SI-22] pages :</subfield>
    <subfield code="b">illustrations (some color) ;</subfield>
    <subfield code="c">29 cm.</subfield>
  </datafield>
  <datafield tag="336" ind1=" " ind2=" ">
    <subfield code="a">text</subfield>
    <subfield code="b">txt</subfield>
    <subfield code="2">rdacontent</subfield>
  </datafield>
  <datafield tag="337" ind1=" " ind2=" ">
    <subfield code="a">unmediated</subfield>
    <subfield code="b">n</subfield>
    <subfield code="2">rdamedia</subfield>
  </datafield>
  <datafield tag="338" ind1=" " ind2=" ">
    <subfield code="a">volume</subfield>
    <subfield code="b">nc</subfield>
    <subfield code="2">rdacarrier</subfield>
  </datafield>
  <datafield tag="504" ind1=" " ind2=" ">
    <subfield code="a">Includes bibliographical references and index.</subfield>
  </datafield>
  <datafield tag="505" ind1="0" ind2=" ">
    <subfield code="a">Section 1. The life-span perspective -- Introduction -- Section 2. Beginnings -- Biological beginning -- Prenatal development and birth -- Section 3. Infancy -- Physical development in infancy -- Cognitive development in infancy -- Socioemotional development in infancy -- Section 4. Early childhood -- Physical and cognitive development in early childhood -- Socioemotional development in early childhood -- Section 5. Middle and late childhood -- Physical and cognitive development in middle and late childhood -- Socioemotional development in middle and late childhood -- Section 6. Adolescence -- Physical and cognitive development in adolescence -- Socioemotional development in adolescence -- Section 7. Early adulthood -- Physical and cognitive development in early adulthood -- Socioemotional development in early adulthood -- Section 8. Middle adulthood -- Physical and cognitive development in middle adulthood -- Socioemotional development in middle adulthood -- Section 9. Late adulthood -- Physical development in late adulthood -- Cognitive development in late adulthood -- Socioemotional development in late adulthood -- Section 10. Endings -- Death, dying, and grieving.</subfield>
  </datafield>
  <datafield tag="520" ind1=" " ind2=" ">
    <subfield code="a">"This edition provides extensive learning connections throughout the chapters. The learning system connects the chapter opening outline, learning goals for the chapter, mini-chapter maps that open each main section of the chapter, Review Connect, and Reflect questions at the end of each main section, and the chapter summary at the end of each chapter. In this edition, real-life connections are explicitly made through the chapter opening vignette, Connecting Development to Life, the Milestones program that helps students watch life as it unfolds, and Connecting with Careers"--</subfield>
    <subfield code="c">Provided by publisher.</subfield>
  </datafield>
  <datafield tag="650" ind1=" " ind2="0">
    <subfield code="a">Developmental psychology.</subfield>
  </datafield>
  <datafield tag="776" ind1="0" ind2="8">
    <subfield code="i">Online version:</subfield>
    <subfield code="a">Santrock, John W..</subfield>
    <subfield code="t">Life-span development</subfield>
    <subfield code="b">Ninteenth edition.</subfield>
    <subfield code="d">Dubuque : McGraw Hill LLC, [2024]</subfield>
    <subfield code="z">9781266768163</subfield>
    <subfield code="w">(DLC) 2022032171</subfield>
  </datafield>
  <datafield tag="906" ind1=" " ind2=" ">
    <subfield code="a">7</subfield>
    <subfield code="b">cbc</subfield>
    <subfield code="c">orignew</subfield>
    <subfield code="d">1</subfield>
    <subfield code="e">ecip</subfield>
    <subfield code="f">20</subfield>
    <subfield code="g">y-gencatlg</subfield>
  </datafield>
  <datafield tag="942" ind1=" " ind2=" ">
    <subfield code="2">ddc</subfield>
    <subfield code="c">BK</subfield>
    <subfield code="e">23</subfield>
    <subfield code="h">155</subfield>
    <subfield code="i">Sa599l</subfield>
    <subfield code="k">CIR </subfield>
    <subfield code="m">2024</subfield>
    <subfield code="n">0</subfield>
  </datafield>
  <datafield tag="952" ind1=" " ind2=" ">
    <subfield code="0">0</subfield>
    <subfield code="1">0</subfield>
    <subfield code="2">ddc</subfield>
    <subfield code="4">0</subfield>
    <subfield code="7">0</subfield>
    <subfield code="a">BUHI</subfield>
    <subfield code="b">BUHI</subfield>
    <subfield code="c">CIR</subfield>
    <subfield code="d">2025-10-28</subfield>
    <subfield code="l">0</subfield>
    <subfield code="o">CIR 155 Sa599l 2024</subfield>
    <subfield code="p">001880-BUH</subfield>
    <subfield code="r">2025-12-09 14:00:02</subfield>
    <subfield code="t">1-1</subfield>
    <subfield code="w">2025-10-28</subfield>
    <subfield code="y">BK</subfield>
  </datafield>
  <datafield tag="952" ind1=" " ind2=" ">
    <subfield code="0">0</subfield>
    <subfield code="1">0</subfield>
    <subfield code="2">ddc</subfield>
    <subfield code="4">0</subfield>
    <subfield code="7">0</subfield>
    <subfield code="a">CSPC</subfield>
    <subfield code="b">CSPC</subfield>
    <subfield code="c">CIR</subfield>
    <subfield code="d">2026-01-12</subfield>
    <subfield code="l">0</subfield>
    <subfield code="o">CIR 155 Sa599l 2024</subfield>
    <subfield code="p">030965</subfield>
    <subfield code="r">2026-01-12 16:28:50</subfield>
    <subfield code="t">1-1</subfield>
    <subfield code="w">2026-01-12</subfield>
    <subfield code="y">BK</subfield>
  </datafield>
  <datafield tag="999" ind1=" " ind2=" ">
    <subfield code="c">31135</subfield>
    <subfield code="d">31135</subfield>
  </datafield>
</record>
